[Event "SRB Team Chmp 2007"]
[Site "Zlatibor"]
[Date "2007.08.29"]
[Round "8.1"]
[White "Maksimenko, Andrei"]
[Black "Solodovnichenko, Yuri"]
[Result "1/2-1/2"]
[WhiteElo "2505"]
[BlackElo "2582"]
[PlyCount "24"]
[EventDate "2007.08.21"]

1. e4 e5 2. Nf3 Nf6 3. d4 Nxe4 4. Bd3 d5 5. Nxe5 Nd7 6. Nxd7 Bxd7 7. O-O Bd6 8.
c4 c6 9. cxd5 cxd5 10. Nc3 Nxc3 11. bxc3 O-O 12. Qh5 g6 1/2-1/2

[Event "SRB Team Chmp 2007"]
[Site "Zlatibor"]
[Date "2007.08.29"]
[Round "8.1"]
[White "Abramovic, Bosko"]
[Black "Brenjo, Slavisa"]
[Result "1/2-1/2"]
[WhiteElo "2516"]
[BlackElo "2485"]
[PlyCount "26"]
[EventDate "2007.08.21"]

1. d4 Nf6 2. c4 g6 3. Nf3 Bg7 4. g3 O-O 5. Bg2 d6 6. O-O c5 7. Nc3 Nc6 8. d5
Na5 9. Nd2 e5 10. Qc2 b6 11. e4 Ng4 12. h3 Nh6 13. b3 f5 1/2-1/2

[Event "SRB Team Chmp 2007"]
[Site "Zlatibor"]
[Date "2007.08.29"]
[Round "8.2"]
[White "Markus, Robert"]
[Black "Postny, Evgeny"]
[Result "1/2-1/2"]
[WhiteElo "2586"]
[BlackElo "2598"]
[PlyCount "39"]
[EventDate "2007.08.21"]

1. d4 Nf6 2. c4 e6 3. Nf3 d5 4. g3 dxc4 5. Bg2 a6 6. O-O Nc6 7. Nc3 Rb8 8. e4
Be7 9. d5 exd5 10. exd5 Nb4 11. Ne5 Bf5 12. a3 Nd3 13. Nxc4 Nxc1 14. Rxc1 O-O
15. Re1 Ne8 16. Ne5 Nd6 17. Ne2 Bf6 18. Nd4 Re8 19. f4 g6 20. Qb3 1/2-1/2

[Event "SRB Team Chmp 2007"]
[Site "Zlatibor"]
[Date "2007.08.29"]
[Round "8.2"]
[White "Paunovic, Dragan"]
[Black "Kovacevic, Aleksandar"]
[Result "1/2-1/2"]
[WhiteElo "2531"]
[BlackElo "2566"]
[PlyCount "96"]
[EventDate "2007.08.21"]

1. c4 c5 2. g3 Nc6 3. Bg2 g6 4. Nc3 Bg7 5. e4 e6 6. Nge2 Nge7 7. O-O d6 8. a3
O-O 9. Rb1 Nd4 10. Nxd4 cxd4 11. Ne2 e5 12. d3 Be6 13. b4 Qd7 14. Bd2 b5 15.
cxb5 Qxb5 16. Bg5 f6 17. a4 Qd7 18. Bd2 a6 19. Rb2 Nc8 20. Qc2 Nb6 21. Ra1 Rfc8
22. Qd1 Qe8 23. Nc1 Ra7 24. h4 Bd7 25. Rba2 Rac7 26. Kh2 Be6 27. Rb2 Bd7 28.
Rba2 Be6 29. Rb2 f5 30. b5 axb5 31. Rxb5 Nd7 32. Nb3 Nf6 33. exf5 Bxf5 34. Na5
d5 35. Qb3 Rc2 36. Be1 e4 37. Rxd5 Nxd5 38. Qxd5+ Kh8 39. dxe4 Be6 40. Qg5 d3
41. Rd1 Qd8 42. Qf4 Re2 43. Nb7 Qd7 44. e5 Bxe5 45. Qb4 Rec2 46. Qe4 Re2 47.
Qb4 Rec2 48. Qe4 Re2 1/2-1/2

[Event "SRB Team Chmp 2007"]
[Site "Zlatibor"]
[Date "2007.08.29"]
[Round "8.2"]
[White "Solak, Dragan"]
[Black "Djukic, Zeljko"]
[Result "1-0"]
[WhiteElo "2566"]
[BlackElo "2402"]
[PlyCount "101"]
[EventDate "2007.08.21"]

1. e4 c5 2. Nc3 g6 3. Nf3 Bg7 4. d4 cxd4 5. Nxd4 Nc6 6. Be3 Nf6 7. Bc4 Qa5 8.
O-O Qb4 9. Qe2 Ng4 10. Nd5 Qd6 11. Qxg4 Bxd4 12. Bxd4 Nxd4 13. Rad1 Qc5 14. e5
Ne6 15. b4 Qc6 16. Bb3 h5 17. Qh4 g5 18. Qe4 a5 19. a3 axb4 20. axb4 b5 21.
Nf6+ exf6 22. Bd5 Qc7 23. Bxa8 fxe5 24. Rfe1 d6 25. Bd5 Nf4 26. g3 Nxd5 27.
Qxd5 Ke7 28. Qxb5 h4 29. Qa5 Qb8 30. c4 Bg4 31. Rd3 Rc8 32. c5 dxc5 33. bxc5
Kf6 34. Qb6+ Be6 35. Qxb8 Rxb8 36. Rde3 Rb5 37. Rxe5 h3 38. f3 g4 39. fxg4 Bxg4
40. R5e4 Kg5 41. Rxg4+ Kxg4 42. Rc1 Kf3 43. c6 Rb8 44. c7 Rc8 45. Rf1+ Ke2 46.
Rxf7 Ra8 47. Re7+ Kf3 48. Re1 Rc8 49. Rc1 Ke3 50. Rc6 Kf3 51. Rc3+ 1-0

[Event "SRB Team Chmp 2007"]
[Site "Zlatibor"]
[Date "2007.08.29"]
[Round "8.2"]
[White "Dujkovic, Sinisa"]
[Black "Nevednichy, Vladislav"]
[Result "0-1"]
[WhiteElo "2407"]
[BlackElo "2523"]
[PlyCount "110"]
[EventDate "2007.08.21"]

1. Nf3 Nf6 2. g3 g6 3. b3 Bg7 4. Bb2 c5 5. c4 Nc6 6. Bg2 d6 7. O-O e5 8. d3 O-O
9. Nc3 h6 10. Ne1 Ne8 11. Nc2 f5 12. Ne3 Nc7 13. Ned5 Ne7 14. e3 Ncxd5 15. Nxd5
Be6 16. f4 Bxd5 17. cxd5 exf4 18. Bxg7 Kxg7 19. gxf4 Ng8 20. Qd2 Qf6 21. Rae1
Rae8 22. Kh1 Re7 23. Bf3 Kh8 24. Rg1 Rg7 25. Re2 g5 26. d4 g4 27. Bg2 cxd4 28.
exd4 Re7 29. Rxe7 Qxe7 30. Re1 Qh4 31. Re6 Rf6 32. Qe3 Kg7 33. Kg1 h5 34. Qc3
Rxe6 35. dxe6 Qe7 36. d5+ Nf6 37. Qd4 b6 38. Bf1 Qb7 39. Bg2 Kg6 40. b4 Qc8 41.
Qe3 h4 42. h3 g3 43. Qd2 Qc4 44. Bf3 Kg7 45. Kg2 Kf8 46. a4 Kg7 47. a5 Kg6 48.
axb6 axb6 49. Kg1 Qb3 50. Kg2 Kg7 51. Qd4 Qc2+ 52. Kf1 Kg6 53. Kg1 Qh2+ 54. Kf1
Qxh3+ 55. Ke1 g2 0-1

[Event "SRB Team Chmp 2007"]
[Site "Zlatibor"]
[Date "2007.08.29"]
[Round "8.3"]
[White "Sedlak, Nikola"]
[Black "Halkias, Stelios"]
[Result "1/2-1/2"]
[WhiteElo "2590"]
[BlackElo "2580"]
[PlyCount "91"]
[EventDate "2007.08.21"]

1. e4 e5 2. Nf3 Nc6 3. Bb5 a6 4. Ba4 d6 5. Bxc6+ bxc6 6. d4 exd4 7. Nxd4 c5 8.
Nc6 Qh4 9. O-O Bd7 10. Na5 Nf6 11. Qf3 Qg4 12. Qxg4 Nxg4 13. Nc3 O-O-O 14. Bf4
Re8 15. Rfe1 h6 16. h3 Ne5 17. Nd5 Nc6 18. Nxc6 Bxc6 19. c4 g5 20. Bd2 Bg7 21.
Rab1 Kd7 22. b3 Be5 23. Ba5 Bxd5 24. cxd5 Rb8 25. Rbc1 Rhe8 26. g4 Bd4 27. Kg2
h5 28. gxh5 Rh8 29. Bc3 Bxc3 30. Rxc3 f6 31. Rf3 Ke7 32. h4 Rbg8 33. hxg5 Rxg5+
34. Rg3 Rgxh5 35. b4 Rh2+ 36. Kf3 cxb4 37. Rc1 Kd8 38. Rc6 a5 39. Ra6 R8h3 40.
Rxa5 Rxg3+ 41. Kxg3 Rh1 42. Rb5 Ra1 43. Rxb4 Rxa2 44. Rb8+ Ke7 45. Rh8 f5 46.
f3 1/2-1/2

[Event "SRB Team Chmp 2007"]
[Site "Zlatibor"]
[Date "2007.08.29"]
[Round "8.3"]
[White "Ivanovic, Bozidar"]
[Black "Popovic, Dusan"]
[Result "0-1"]
[WhiteElo "2426"]
[BlackElo "2551"]
[PlyCount "54"]
[EventDate "2007.08.21"]

1. e4 c5 2. Nf3 d6 3. d4 cxd4 4. Nxd4 Nf6 5. Nc3 a6 6. Bc4 e6 7. Bb3 Nbd7 8. f4
Nc5 9. f5 Be7 10. Be3 Qc7 11. Qf3 O-O 12. O-O b5 13. fxe6 fxe6 14. e5 dxe5 15.
Qc6 Ra7 16. Nxe6 Qxc6 17. Nd8+ Nxb3 18. Nxc6 Nxa1 19. Bxa7 Bd6 20. Rxa1 b4 21.
Nd1 Be6 22. c3 Ra8 23. Bf2 a5 24. cxb4 axb4 25. a3 Bd7 26. Na7 bxa3 27. Nc3
axb2 0-1

[Event "SRB Team Chmp 2007"]
[Site "Zlatibor"]
[Date "2007.08.29"]
[Round "8.3"]
[White "Jovanovic, Zoran"]
[Black "Matulovic, Milan"]
[Result "1/2-1/2"]
[WhiteElo "2537"]
[BlackElo "2389"]
[PlyCount "28"]
[EventDate "2007.08.21"]

1. e4 e5 2. Nf3 Nf6 3. Nxe5 d6 4. Nf3 Nxe4 5. d4 d5 6. Bd3 Nc6 7. O-O Bg4 8. c4
Nf6 9. cxd5 Bxf3 10. Qxf3 Qxd5 11. Re1+ Be7 12. Qh3 Nxd4 13. Nc3 Qd7 14. Qxd7+
Kxd7 1/2-1/2

[Event "SRB Team Chmp 2007"]
[Site "Zlatibor"]
[Date "2007.08.29"]
[Round "8.3"]
[White "Tosic, Miroslav"]
[Black "Djukic, Nikola"]
[Result "1/2-1/2"]
[WhiteElo "2437"]
[BlackElo "2531"]
[PlyCount "29"]
[EventDate "2007.08.21"]

1. d4 Nf6 2. Nf3 g6 3. c3 Bg7 4. Bg5 O-O 5. Nbd2 d6 6. h3 c5 7. e3 cxd4 8. exd4
Nc6 9. Nc4 e5 10. dxe5 dxe5 11. Qxd8 Rxd8 12. Be2 Rd5 13. Ne3 Rd6 14. Nc4 Rd5
15. Ne3 1/2-1/2

[Event "SRB Team Chmp 2007"]
[Site "Zlatibor"]
[Date "2007.08.29"]
[Round "8.3"]
[White "Rmus, Anto"]
[Black "Popov, Sinisa S"]
[Result "1/2-1/2"]
[WhiteElo "2376"]
[BlackElo "2481"]
[PlyCount "84"]
[EventDate "2007.08.21"]

1. e4 e6 2. d4 d5 3. e5 c5 4. c3 Nc6 5. Be3 Bd7 6. Qd2 Rc8 7. Nf3 cxd4 8. cxd4
Bb4 9. Nc3 Na5 10. Rc1 Nc4 11. Bxc4 Rxc4 12. a3 Ba5 13. O-O Ne7 14. Qd3 O-O 15.
b4 Bb6 16. Ng5 Ng6 17. h4 f6 18. exf6 gxf6 19. Nf3 Kh8 20. h5 Ne7 21. Nh4 Qe8
22. Qd1 e5 23. Re1 Bxd4 24. Nxd5 Rxc1 25. Qxc1 Nxd5 26. Bxd4 Qxh5 27. Qc5 Qf7
28. Bb2 b6 29. Qd6 Re8 30. Rd1 Be6 31. Nf3 Nf4 32. Nxe5 Qg7 33. Nf7+ Qxf7 34.
Qxf4 Rf8 35. Rd6 Qe7 36. Rd3 Kg8 37. Qh6 Bf5 38. Re3 Qd6 39. Rg3+ Bg6 40. f4
Qd1+ 41. Kh2 Qb1 42. Qh5 Qxb2 1/2-1/2

[Event "SRB Team Chmp 2007"]
[Site "Zlatibor"]
[Date "2007.08.29"]
[Round "8.4"]
[White "Vuckovic, Bojan"]
[Black "Markovic, Miroslav"]
[Result "1/2-1/2"]
[WhiteElo "2563"]
[BlackElo "2442"]
[PlyCount "107"]
[EventDate "2007.08.21"]

1. e4 c5 2. Nf3 Nc6 3. d4 cxd4 4. Nxd4 e5 5. Nb5 a6 6. Nd6+ Bxd6 7. Qxd6 Qf6 8.
Qc7 Nge7 9. Nc3 O-O 10. Be3 Nd4 11. O-O-O d5 12. f4 Ne6 13. fxe5 Qh4 14. Qd6 d4
15. g3 Qg4 16. Be2 Qg6 17. Bxd4 Qg5+ 18. Kb1 Nxd4 19. h4 Qxg3 20. Rxd4 Nc6 21.
e6 Qxd6 22. exf7+ Rxf7 23. Rxd6 Rf2 24. Kc1 Kf7 25. Bc4+ Ke7 26. Rd2 Rxd2 27.
Kxd2 Ne5 28. Bd5 Rb8 29. Ne2 b5 30. Nf4 Rb6 31. Nd3 Ng4 32. Rf1 Rf6 33. Rxf6
Kxf6 34. b3 g5 35. hxg5+ Kxg5 36. c4 bxc4 37. bxc4 h5 38. Ke2 h4 39. Kf3 a5 40.
a3 h3 41. Kg3 h2 42. Kg2 Kf6 43. Nc5 Ke5 44. Nb3 Bd7 45. Nxa5 Ba4 46. Nc6+ Kf4
47. e5 Nxe5 48. Nb4 Ng4 49. Be6 Ne3+ 50. Kxh2 Ke5 51. Bd5 Kd4 52. Kg3 Nxc4 53.
Bxc4 Kxc4 54. Kf4 1/2-1/2

[Event "SRB Team Chmp 2007"]
[Site "Zlatibor"]
[Date "2007.08.29"]
[Round "8.4"]
[White "Tadic, Branko"]
[Black "Pikula, Dejan"]
[Result "1/2-1/2"]
[WhiteElo "2500"]
[BlackElo "2504"]
[PlyCount "31"]
[EventDate "2007.08.21"]

1. Nf3 Nf6 2. d4 d5 3. c4 c6 4. cxd5 cxd5 5. Nc3 Nc6 6. Bf4 a6 7. e3 Bf5 8. Bd3
Bxd3 9. Qxd3 e6 10. O-O Bd6 11. Bxd6 Qxd6 12. Rac1 O-O 13. Na4 Ne4 14. Nc5 Nxc5
15. Rxc5 Rac8 16. Rfc1 1/2-1/2

[Event "SRB Team Chmp 2007"]
[Site "Zlatibor"]
[Date "2007.08.29"]
[Round "8.4"]
[White "Rajkovic, Dusan"]
[Black "Todorovic, Goran M"]
[Result "1/2-1/2"]
[WhiteElo "2522"]
[BlackElo "2471"]
[PlyCount "36"]
[EventDate "2007.08.21"]

1. d4 f5 2. Bg5 g6 3. Nc3 Nh6 4. Nf3 Nf7 5. Bh4 c6 6. e4 Qb6 7. Bd3 Qxb2 8. Ne2
fxe4 9. Bxe4 Bg7 10. O-O O-O 11. c4 Na6 12. a4 Qb4 13. Qc2 Qa5 14. Bxe7 Re8 15.
Ba3 d5 16. Bd3 Bg4 17. Rfb1 Bxf3 18. gxf3 Rab8 1/2-1/2

[Event "SRB Team Chmp 2007"]
[Site "Zlatibor"]
[Date "2007.08.29"]
[Round "8.4"]
[White "Vratonjic, Slobo"]
[Black "Nestorovic, Nikola"]
[Result "1-0"]
[WhiteElo "2453"]
[BlackElo "2424"]
[PlyCount "105"]
[EventDate "2007.08.21"]

1. e4 c5 2. Nf3 d6 3. Bc4 Nf6 4. d3 Nc6 5. c3 g6 6. O-O Bg7 7. Re1 O-O 8. h3
Na5 9. Bb5 a6 10. Ba4 b5 11. Bc2 e5 12. d4 Qc7 13. d5 Nc4 14. b3 Nb6 15. Nbd2
c4 16. bxc4 bxc4 17. a4 a5 18. Nb1 Ba6 19. Na3 Nbd7 20. Be3 Kh8 21. Qe2 Ng8 22.
Nd2 f5 23. f3 Ngf6 24. Reb1 fxe4 25. fxe4 Nh5 26. Nb5 Bxb5 27. Rxb5 Rac8 28.
Kh2 Nf4 29. Qe1 Bh6 30. Qh4 Bg7 31. Qe1 Bh6 32. Qh4 Bg7 33. Bd1 Bf6 34. Qg4 Qd8
35. Rb7 Rf7 36. g3 h5 37. Qf3 Nd3 38. Be2 Kg8 39. Rf1 Rf8 40. Qg2 N7c5 41. Rb5
Nxa4 42. Bxd3 Nxc3 43. Bxc4 Rxc4 44. Nxc4 Nxb5 45. Bb6 Qe8 46. Bxa5 Be7 47. Bb4
Rxf1 48. Qxf1 Qb8 49. Nxe5 dxe5 50. Bxe7 Nd4 51. d6 Qc8 52. d7 Qc2+ 53. Kg1 1-0

[Event "SRB Team Chmp 2007"]
[Site "Zlatibor"]
[Date "2007.08.29"]
[Round "8.5"]
[White "Ivanisevic, Ivan"]
[Black "Miladinovic, Igor"]
[Result "1-0"]
[WhiteElo "2595"]
[BlackElo "2605"]
[PlyCount "51"]
[EventDate "2007.08.21"]

1. d4 d5 2. c4 dxc4 3. e3 Nf6 4. Bxc4 e6 5. Nf3 a6 6. O-O b5 7. Bb3 Bb7 8. Nc3
Nbd7 9. Re1 c5 10. e4 cxd4 11. Nxd4 Ne5 12. Nd5 Bc5 13. Bf4 exd5 14. exd5 O-O
15. Rxe5 Bd6 16. Nf5 Bxe5 17. Bxe5 Bc8 18. Nxg7 Ne4 19. Bd4 Qh4 20. h3 Nf6 21.
Rc1 Kxg7 22. Rc3 Re8 23. Rg3+ Kh8 24. Bc3 b4 25. Qd4 Re1+ 26. Kh2 1-0

[Event "SRB Team Chmp 2007"]
[Site "Zlatibor"]
[Date "2007.08.29"]
[Round "8.5"]
[White "Perunovic, Milos"]
[Black "Iordachescu, Viorel"]
[Result "1/2-1/2"]
[WhiteElo "2589"]
[BlackElo "2584"]
[PlyCount "98"]
[EventDate "2007.08.21"]

1. e4 e5 2. Nf3 Nc6 3. Bb5 a6 4. Ba4 Nf6 5. O-O Nxe4 6. d4 b5 7. Bb3 d5 8. dxe5
Be6 9. Be3 Be7 10. c3 Qd7 11. Nbd2 Rd8 12. Re1 O-O 13. Bc2 Bf5 14. Nxe4 Bxe4
15. Bxe4 dxe4 16. Qxd7 Rxd7 17. e6 fxe6 18. Nd2 Ne5 19. Nxe4 Nc4 20. b3 Nxe3
21. Rxe3 c5 22. Ree1 Rfd8 23. Kf1 Kf7 24. Ke2 Rd5 25. a4 b4 26. Rac1 bxc3 27.
Rxc3 Rb8 28. Rec1 Rb4 29. f3 h5 30. R1c2 h4 31. g4 hxg3 32. hxg3 Rh5 33. Rd2
Rh2+ 34. Kd1 Rxd2+ 35. Nxd2 Rd4 36. Kc2 Rd5 37. Ne4 Ke8 38. g4 Kd7 39. Re3 Bf6
40. Re1 Be7 41. Rh1 Bf8 42. Rh8 Ke7 43. Kc3 Kf7 44. Rh5 Be7 45. Rh1 Rd8 46. Kc2
Rd5 47. Rh8 Bf6 48. Rh2 Be7 49. Rd2 Ke8 1/2-1/2

[Event "SRB Team Chmp 2007"]
[Site "Zlatibor"]
[Date "2007.08.29"]
[Round "8.6"]
[White "Efimenko, Zahar"]
[Black "Kosic, Dragan"]
[Result "1-0"]
[WhiteElo "2624"]
[BlackElo "2501"]
[PlyCount "71"]
[EventDate "2007.08.21"]

1. e4 e6 2. d4 d5 3. Nc3 dxe4 4. Nxe4 Nd7 5. Nf3 Ngf6 6. Nxf6+ Nxf6 7. c3 c5 8.
Be3 Qb6 9. Ne5 Nd7 10. Nc4 Qc7 11. Qf3 cxd4 12. Bxd4 f6 13. O-O-O Be7 14. Bd3
Nf8 15. Rhe1 Ng6 16. g3 O-O 17. h4 Rf7 18. h5 Nf8 19. Ne3 Bd7 20. Bc4 h6 21.
Bb3 Bd6 22. Ng4 Be7 23. Qe2 Re8 24. f4 a5 25. a4 Bc5 26. Qc4 b6 27. Bxc5 bxc5
28. Nf2 Bc6 29. Ne4 Rb8 30. Nxc5 Bf3 31. Nxe6 Qxc4 32. Bxc4 Bxd1 33. Nxf8 Bxa4
34. Ng6 Rbb7 35. b3 Bc6 36. Ne7+ 1-0

[Event "SRB Team Chmp 2007"]
[Site "Zlatibor"]
[Date "2007.08.29"]
[Round "8.6"]
[White "Dragojlovic, Andjelko"]
[Black "Blagojevic, Dragisa"]
[Result "1/2-1/2"]
[WhiteElo "2432"]
[BlackElo "2502"]
[PlyCount "173"]
[EventDate "2007.08.21"]

1. e4 e5 2. Nc3 Nc6 3. g3 Bc5 4. Bg2 a6 5. Nge2 d6 6. h3 Nge7 7. Nd5 f5 8. d3
O-O 9. Nxe7+ Qxe7 10. O-O fxe4 11. dxe4 Be6 12. c3 Qd7 13. h4 Qf7 14. Be3 Bxe3
15. fxe3 Qh5 16. Qd3 Bg4 17. Qc4+ Kh8 18. Rxf8+ Rxf8 19. Rf1 Rxf1+ 20. Bxf1 Qg6
21. Kg2 Be6 22. Qa4 Qf7 23. Ng1 h6 24. c4 Ne7 25. Qc2 Ng8 26. b3 Nf6 27. Bd3
Bd7 28. Nf3 Bc6 29. b4 Qg6 30. Nd2 Qg4 31. c5 Bd7 32. Nf1 Qh3+ 33. Kf2 Bc6 34.
cxd6 cxd6 35. a4 Qh1 36. b5 axb5 37. axb5 Bxe4 38. Qc8+ Ng8 39. Bxe4 Qxe4 40.
Nd2 Qd3 41. Nc4 Kh7 42. g4 Qc2+ 43. Kf3 d5 44. Nd6 Qxc8 45. Nxc8 Nf6 46. g5
hxg5 47. hxg5 Ne4 48. Kg4 d4 49. exd4 exd4 50. Ne7 Nd6 51. b6 g6 52. Kf4 d3 53.
Kf3 Kg7 54. Nd5 Nc4 55. Nf4 d2 56. Ke2 Nxb6 57. Kxd2 Kf7 58. Kc3 Na8 59. Kb4
Nc7 60. Ka5 Ne6 61. Ng2 Nxg5 62. Kb6 Nh3 63. Kxb7 g5 64. Kc6 Ke6 65. Ne3 Nf2
66. Kc5 Ke5 67. Kc4 Ke4 68. Nd5 Ng4 69. Nc3+ Kf3 70. Nb5 Ne3+ 71. Kd3 g4 72.
Nd4+ Kf2 73. Ne2 Nf1 74. Nc3 Kf3 75. Ne2 Ng3 76. Nd4+ Kf2 77. Nb5 Ne2 78. Nd6
Nf4+ 79. Kd2 Kf3 80. Nf5 Nd5 81. Ke1 Kf4 82. Nd4 Ke4 83. Ne2 Kf3 84. Nd4+ Kg2
85. Nf5 Kh2 86. Ke2 Ne7 87. Ne3 1/2-1/2

[Event "SRB Team Chmp 2007"]
[Site "Zlatibor"]
[Date "2007.08.29"]
[Round "8.6"]
[White "Barlov, Dragan"]
[Black "Mihalj, Miroslav M"]
[Result "1-0"]
[WhiteElo "2469"]
[BlackElo "2323"]
[PlyCount "33"]
[EventDate "2007.08.21"]

1. Nf3 Nf6 2. c4 e6 3. Nc3 d5 4. d4 Be7 5. Bg5 Nbd7 6. e3 O-O 7. Qc2 c6 8. Bd3
a6 9. O-O dxc4 10. Bxc4 b5 11. Bd3 c5 12. dxc5 Nxc5 13. Bxf6 Bxf6 14. Bxh7+ Kh8
15. Ne4 Nxe4 16. Bxe4 Ra7 17. Qc5 1-0

[Event "SRB Team Chmp 2007"]
[Site "Zlatibor"]
[Date "2007.08.29"]
[Round "8.6"]
[White "Bulajic, Ratko"]
[Black "Novoselski, Zoran"]
[Result "1-0"]
[WhiteElo "2321"]
[BlackElo "2375"]
[PlyCount "129"]
[EventDate "2007.08.21"]

1. d4 e6 2. c4 f5 3. g3 Nf6 4. Bg2 Be7 5. Nf3 O-O 6. O-O d6 7. b3 Ne4 8. Bb2
Bf6 9. Nbd2 Nc6 10. Nxe4 fxe4 11. Ne1 d5 12. Nc2 a5 13. f3 dxc4 14. bxc4 e5 15.
d5 exf3 16. Bxf3 Nb4 17. Nxb4 axb4 18. c5 Bh3 19. Bg2 Bxg2 20. Kxg2 Ra5 21. e4
Rxc5 22. Qb3 Qd6 23. a3 Qa6 24. Rf2 Qc4 25. Qxb4 Qxb4 26. axb4 Rc4 27. Rc1 Rxe4
28. Rxc7 Rd8 29. Bc3 b5 30. Kf3 Rc4 31. Rxc4 bxc4 32. Ke4 Kf7 33. Ra2 Rd7 34.
Ra6 Be7 35. Rc6 Rb7 36. d6 Bd8 37. Rc8 Ke8 38. Rxc4 Kd7 39. Bxe5 Ke6 40. g4 g6
41. Bg3 h5 42. h3 h4 43. Bf4 Ra7 44. Rc8 Kd7 45. Rc3 Ra4 46. Rb3 Ba5 47. Ke5
Bxb4 48. Kf6 Ba5 49. Be5 Re4 50. Rb7+ Kc6 51. Ra7 Bd8+ 52. Ke6 Re3 53. Ra8 Bg5
54. Rc8+ Kb7 55. Rc3 Re2 56. Rb3+ Kc6 57. Rc3+ Kb7 58. d7 Rd2 59. Rc7+ Kb6 60.
Rc8 Rd3 61. Rc3 Rd2 62. Rc4 Rd3 63. Rd4 Rxh3 64. Bf6 Re3+ 65. Kf7 1-0